Les voeux exaucés par les Dragon Ball - Statistiques

Statistiques générales
  • Ce quiz a été pris 26 fois
  • Le résultat moyen est 3 sur 43
Statistiques - réponses
Personnage ayant formulé le voeu Dragon ayant exaucé le souhait Voeu % Correct
Oolong Shenron Une culotte de jeune fille
78%
Piccolo Daimao Shenron Obtenir la jeunesse éternelle
39%
Black Goku Super Shenron Être immortel
22%
Bulma Porunga Ressusciter Krilin
22%
Kame Sennin Shenron Ressusciter Son Goku
22%
Pilaf Dragon rouge Rajeunir Son Goku à son état d'enfant
13%
Yamcha Shenron Ressusciter tous les morts de PiccoloDaimao
13%
Bulma Porunga Ressusciter Yamcha
13%
Dende Polunga Reconstruire la Terre qui a été détruite par Boo
9%
Bulma Porunga Ressusciter Chaozu
9%
Dende Polunga Ressusciter Piccolo
9%
Inconnu Shenron Ressusciter Piccolo
9%
Bulma Porunga Ressusciter Tenshinhan
9%
M.Popo Shenron Ressusciter tous les morts de Freezer
9%
C-17 Super Shenron Ressusciter tous les univers effacés durant leTournoi du Pouvoir
9%
Dende Polunga Téléporter Piccolo sur la Planète Namek
9%
Shu Shenron Avoir la plus bonne glace du monde
4%
Baby Vegeta Dragon rouge Créer la nouvelle planète Plant
4%
Granola Toronbo Devenir le guerrier le plus puissant de l'univers
4%
Zamasu Super Shenron Échanger les corps de Son Goku et Zamasu
4%
Gomah Shenron Faire rajeunir la Z-Team à leur état d'enfant
4%
Son Goku Shenron Ressusciter Bola
4%
Sorbet Shenron Ressusciter Freezer
4%
Yamcha Shenron Ressusciter tous les morts de Cell
4%
Dende Polunga Rétablir l'énergie de Son Goku
4%
Krillin Shenron Retirer les bombes dans les corps deC-17 et C-18
4%
Kibitoshin Shenron Annuler la fusion entre Kaioshinet Kibito
0%
Mai Shenron Avoir un million de zenis
0%
Black Goku Super Shenron Détruire les Super Dragon Ball
0%
Son Goku Shenron Effacer de la mémoire des terriens l'existencede Boo
0%
Elec Toronbo Faire de Gas le guerrier le pluspuissant de l'univers
0%
Son Gohan Shenron Guérir Pan
0%
Moro Polunga Libérer tous les prisonniers de la PrisonGalactique
0%
Son Goku Shenron Obtenir des informations sur le Super Saiyan Divin
0%
Dende Polunga Recréer la planète Terre
0%
Beerus Super Shenron Recréer la Terre de l'Univers 6
0%
Bulma/Yamcha Shenron Ressusciter tous les mort de Végéta pendantle 25ème Tenkaichi Budokai, excepté les méchants
0%
Dende Polunga Ressusciter tous les morts depuis le 25ème Tenkaichi Budokai, excepté les méchants
0%
Cranberry Polunga Restaurer la magie de Moro
0%
Cranberry Polunga Soigner ses blessures
0%
Bulma Porunga Téléporter l'âme de Krilin de la Planète Namek vers la Terre
0%
Bulma Porunga Téléporter tous les Namek de la Terrevers la nouvelle Namek
0%
Dende Polunga Téléporter toutes les personnes de laplanète Namek, exceptés Son Goku et Freezer
0%
Aucun quiz correspondant
Distribution des résultats
% des personnes avec chaque résultat
Percentile par nombre de réponses
Votre historique - résultats
Vous n’avez pas pris ce quiz